[Event "Aut_chT0809"]
[Site "Graz"]
[Date "2008.11.09"]
[Round "3"]
[Board "2"]
[White "Knoll, Hermann"]
[Black "Sikula, Vaszilij"]
[Result "1/2-1/2"]
[WhiteElo "2371"]
[BlackElo "2540"]
[PlyCount "100"]
[EventDate "2008.11.07"]
[EventType "team"]
[EventRounds "11"]
[EventCountry "AUT"]
[WhiteTeam "Union Ansfelden"]
[BlackTeam "SK ASVOE Raika St.Veit/Gl."]

1.d4 f5 2.g3 Nf6 3.Bg2 e6 4.Nh3 d5 5.O-O Bd6 6.c4 c6 7.Nc3 O-O 8.Bf4 Be7 9.Qb3
Nbd7 10.Rad1 h6 11.cxd5 exd5 12.f3 Kh8 13.Qc2 Nb6 14.b3 Be6 15.Be5 Qe8 16.Nf4
Qf7 17.g4 Nfd7 18.Nxe6 Qxe6 19.gxf5 Qxf5 20.Qxf5 Rxf5 21.Bg3 Bb4 22.Nb1 Rf7
23.e4 Nf6 24.e5 Nh5 25.Bh3 Nf4 26.Bxf4 Rxf4 27.Kg2 Nc8 28.a3 Ba5 29.Rd3 Ne7
30.Rfd1 Raf8 31.b4 Bb6 32.Nc3 g5 33.Ne2 R4f7 34.Be6 Rg7 35.Bg4 Ng6 36.Kg3 Rh7
37.Bh5 Nh4 38.f4 Nf5+ 39.Kh3 Rg7 40.Bg4 Ne7 41.f5 h5 42.f6 hxg4+ 43.Kxg4 Rh7
44.fxe7 Rxe7 45.Rh3+ Rh7 46.Rxh7+ Kxh7 47.Kxg5 Rf2 48.Nf4 Rxh2 49.Kf5 Rf2 50.Rd3
Kg8

[Event "Aut_chT0809"]
[Site "Graz"]
[Date "2008.11.09"]
[Round "3"]
[Board "4"]
[White "Moser, Guenter"]
[Black "Rogic, Davor"]
[Result "0-1"]
[WhiteElo "2341"]
[BlackElo "2503"]
[PlyCount "24"]
[EventDate "2008.11.07"]
[EventType "team"]
[EventRounds "11"]
[EventCountry "AUT"]
[WhiteTeam "Union Ansfelden"]
[BlackTeam "SK ASVOE Raika St.Veit/Gl."]

1.d4 d5 2.c4 c6 3.cxd5 cxd5 4.Nc3 e5 5.e4 dxe4 6.Bb5+ Bd7 7.dxe5 Nc6 8.Qd5 Bb4
9.Nge2 Qa5 10.O-O a6 11.Bc4 Nxe5 12.Qxb7 Bc6

[Event "Aut_chT0809"]
[Site "Graz"]
[Date "2008.11.09"]
[Round "3"]
[Board "5"]
[White "Jurkovic, Hrvoje"]
[Black "Klinger, Josef"]
[Result "1/2-1/2"]
[WhiteElo "2405"]
[BlackElo "2429"]
[PlyCount "35"]
[EventDate "2008.11.07"]
[EventType "team"]
[EventRounds "11"]
[EventCountry "AUT"]
[WhiteTeam "SK ASVOE Raika St.Veit/Gl."]
[BlackTeam "Union Ansfelden"]

1.e4 c5 2.c3 d5 3.exd5 Qxd5 4.d4 Nf6 5.Nf3 e6 6.Be2 Nc6 7.O-O Be7 8.Be3 cxd4
9.Nxd4 Nxd4 10.Qxd4 e5 11.Qd1 O-O 12.Nd2 Qa5 13.c4 Rd8 14.a3 Ne4 15.b4 Qc7
16.Qc2 Nxd2 17.Bxd2 Bf5 18.Qxf5

[Event "Aut_chT0809"]
[Site "Graz"]
[Date "2008.11.09"]
[Round "3"]
[Board "1"]
[White "Shengelia, Davit"]
[Black "Ruck, Robert"]
[Result "1/2-1/2"]
[WhiteElo "2547"]
[BlackElo "2558"]
[PlyCount "33"]
[EventDate "2008.11.07"]
[EventType "team"]
[EventRounds "11"]
[EventCountry "AUT"]
[WhiteTeam "Styria Graz"]
[BlackTeam "ASVOE Pamhagen"]

1.d4 d5 2.c4 c6 3.e3 Nf6 4.Nc3 e6 5.Nf3 Nbd7 6.Bd3 dxc4 7.Bxc4 b5 8.Bd3 Bd6
9.O-O O-O 10.Ng5 Bb7 11.Nce4 Be7 12.Nxf6+ Nxf6 13.Qc2 h6 14.Ne4 Nxe4 15.Bxe4 Qb6
16.Bd2 a5 17.Rfc1

[Event "Aut_chT0809"]
[Site "Graz"]
[Date "2008.11.09"]
[Round "3"]
[Board "2"]
[White "Ftacnik, Lubomir"]
[Black "Nanu, Ciprian-Costica"]
[Result "1/2-1/2"]
[WhiteElo "2562"]
[BlackElo "2506"]
[PlyCount "91"]
[EventDate "2008.11.07"]
[EventType "team"]
[EventRounds "11"]
[EventCountry "AUT"]
[WhiteTeam "ASVOE Pamhagen"]
[BlackTeam "Styria Graz"]

1.Nf3 c5 2.c4 Nc6 3.Nc3 e5 4.g3 g6 5.Bg2 Bg7 6.O-O Nge7 7.Ne1 O-O 8.Nc2 d6 9.Ne3
Rb8 10.Ned5 a6 11.Nxe7+ Nxe7 12.a4 Bd7 13.d3 h6 14.Bd2 b5 15.axb5 axb5 16.Ra6
bxc4 17.dxc4 Bc8 18.Ra7 Be6 19.b3 Bd7 20.Bxh6 Bxh6 21.Qxd6 Bg4 22.Qxe7 Qxe7
23.Rxe7 Rxb3 24.Ne4 Bxe2 25.Re1 Bxc4 26.Nxc5 Rb5 27.Nd7 Bd2 28.Rd1 Be2 29.Rxe5
Bxd1 30.Rxb5 Rc8 31.Bd5 Be2 32.Rb7 Rc1+ 33.Kg2 Bf1+ 34.Kf3 Rc3+ 35.Kg4 Be2+
36.f3 Bxf3+ 37.Bxf3 f5+ 38.Kh3 Rxf3 39.Ne5 Ra3 40.Rd7 Bc1 41.Nxg6 f4 42.Kg4 fxg3
43.hxg3 Ra5 44.Ne7+ Kf8 45.Nd5 Ke8 46.Nf6+

[Event "Aut_chT0809"]
[Site "Graz"]
[Date "2008.11.09"]
[Round "3"]
[Board "3"]
[White "Moser, Eva"]
[Black "Antoniewski, Rafal"]
[Result "1/2-1/2"]
[WhiteElo "2397"]
[BlackElo "2513"]
[PlyCount "21"]
[EventDate "2008.11.07"]
[EventType "team"]
[EventRounds "11"]
[EventCountry "AUT"]
[WhiteTeam "Styria Graz"]
[BlackTeam "ASVOE Pamhagen"]

1.e4 c6 2.d4 d5 3.e5 Bf5 4.c4 e6 5.Nc3 Ne7 6.a3 dxc4 7.Bxc4 Nd7 8.Nge2 Nb6 9.Bb3
Qd7 10.O-O Bg6 11.Bg5

[Event "Aut_chT0809"]
[Site "Graz"]
[Date "2008.11.09"]
[Round "3"]
[Board "6"]
[White "Lipka, Juraj"]
[Black "Hatzl, Stefan"]
[Result "1-0"]
[WhiteElo "2426"]
[BlackElo "2148"]
[PlyCount "119"]
[EventDate "2008.11.07"]
[EventType "team"]
[EventRounds "11"]
[EventCountry "AUT"]
[WhiteTeam "ASVOE Pamhagen"]
[BlackTeam "Styria Graz"]

1.Nf3 d5 2.d4 c6 3.c4 e6 4.Nbd2 f5 5.g3 Nf6 6.Bg2 Bd6 7.O-O O-O 8.b3 Ne4 9.Bb2
Nd7 10.Ne1 b6 11.Nd3 Nxd2 12.Qxd2 Bb7 13.Rac1 Qe7 14.Rfd1 Nf6 15.c5 Bc7 16.f3
Nd7 17.e4 bxc5 18.dxc5 a5 19.Re1 Qf7 20.exd5 exd5 21.Bh3 Rae8 22.Qc3 Ba6 23.Bxf5
Bxd3 24.Bxd7 Qxd7 25.Qxd3 Re6 26.Rxe6 Qxe6 27.Qc3 Qg6 28.Kg2 Re8 29.Re1 Rxe1
30.Qxe1 Qc2+ 31.Qf2 Qd3 32.Bd4 Kf7 33.Qb2 Qg6 34.Qe2 h5 35.Be5 Bxe5 36.Qxe5 Qc2+
37.Kh3 Qxc5 38.Qxh5+ Kf6 39.Qh4+ Kf7 40.Qh5+ Kf6 41.Qh4+ Kf7 42.Qf4+ Kg8 43.Qf5
Qc1 44.Qd3 Qa1 45.Qe2 Qc3 46.Kg4 Kf7 47.f4 Qf6 48.Kf3 Qc3+ 49.Qe3 Qc2 50.Qa7+
Kf6 51.Qxa5 Qd3+ 52.Kf2 Qc2+ 53.Ke1 Qxh2 54.Qc3+ Kf7 55.a4 c5 56.Kd1 Qa2 57.Kc1
Qf2 58.Qd3 d4 59.Qc4+ Kg6 60.Qc2+

[Event "Aut_chT0809"]
[Site "Graz"]
[Date "2008.11.09"]
[Round "3"]
[Board "1"]
[White "Dizdar, Goran"]
[Black "Rozentalis, Eduardas"]
[Result "1/2-1/2"]
[WhiteElo "2565"]
[BlackElo "2590"]
[PlyCount "55"]
[EventDate "2008.11.07"]
[EventType "team"]
[EventRounds "11"]
[EventCountry "AUT"]
[WhiteTeam "SK Absam"]
[BlackTeam "SK Hohenems"]

1.Nf3 d5 2.c4 e6 3.g3 dxc4 4.Qa4+ Bd7 5.Qxc4 Bc6 6.Bg2 Nf6 7.O-O Be7 8.b3 Bd5
9.Qc2 Nc6 10.Bb2 O-O 11.d3 Bxf3 12.Bxf3 Nd5 13.d4 Ncb4 14.Qd2 c5 15.dxc5 Bxc5
16.Nc3 Rc8 17.Nxd5 Nxd5 18.Rac1 b6 19.Bxd5 Qxd5 20.Qxd5 exd5 21.Rfd1 Rfd8 22.Rd3
f6 23.Rdc3 Ra8 24.Rd3 Rac8 25.Rdc3 Ra8 26.Rd1 Rac8 27.e3 Kf7 28.Rc2

[Event "Aut_chT0809"]
[Site "Graz"]
[Date "2008.11.09"]
[Round "3"]
[Board "2"]
[White "Baramidze, David"]
[Black "Levin, Felix"]
[Result "1-0"]
[WhiteElo "2548"]
[BlackElo "2536"]
[PlyCount "163"]
[EventDate "2008.11.07"]
[EventType "team"]
[EventRounds "11"]
[EventCountry "AUT"]
[WhiteTeam "SK Hohenems"]
[BlackTeam "SK Absam"]

1.e4 c6 2.d4 d5 3.Nc3 dxe4 4.Nxe4 Bf5 5.Ng3 Bg6 6.h4 h6 7.N1e2 e6 8.Nf4 Bh7
9.Bc4 Nf6 10.O-O Bd6 11.Re1 O-O 12.c3 Nd5 13.Qg4 Nxf4 14.Bxf4 Bxf4 15.Qxf4 Nd7
16.Ne4 Nf6 17.Nxf6+ Qxf6 18.Qxf6 gxf6 19.f4 Bf5 20.Kf2 Kh7 21.Re3 Bg4 22.Bd3+ f5
23.b4 Rac8 24.a4 Rfd8 25.a5 a6 26.Rae1 Kg7 27.g3 Kf6 28.Bf1 Rd6 29.Bg2 Ke7
30.Rd3 Rcd8 31.Ke3 f6 32.Kd2 Bh5 33.Rde3 Bf7 34.Bh3 Kf8 35.Bf1 Ke7 36.Bd3 Kf8
37.Bc4 Ke7 38.Ke2 Rg8 39.Kf2 Kd7 40.Bb3 Ke7 41.Bc2 Kd8 42.Ke2 Kc7 43.Kd2 Kd8
44.Rd3 Kc7 45.c4 Rdd8 46.Kc3 Kd6 47.Rde3 Rde8 48.Bb3 Rh8 49.Ba2 Rhg8 50.R1e2 Rg7
51.Bb3 Rgg8 52.Re1 Rg7 53.d5 cxd5 54.c5+ Kc7 55.Bxd5 exd5 56.Rxe8 Bxe8 57.Rxe8
Rxg3+ 58.Kd4 Rf3 59.Kxd5 Rxf4 60.Re7+ Kb8 61.b5 axb5 62.a6 bxa6 63.Kc6 Rxh4
64.Kb6 Kc8 65.c6 Kd8 66.c7+ Kxe7 67.c8=Q Ra4 68.Qxf5 Kd6 69.Qxf6+ Kd5 70.Qxh6
Ke4 71.Qh3 Kd5 72.Qe3 Kc4 73.Kc6 Kb4 74.Qd3 Ra3 75.Qb1+ Kc3 76.Qc1+ Kb3 77.Kc5
Ra4 78.Kb6 Ra3 79.Kc5 Ra4 80.Kd5 Ka2 81.Qc2+ Ka1 82.Qb3

[Event "Aut_chT0809"]
[Site "Graz"]
[Date "2008.11.09"]
[Round "3"]
[Board "3"]
[White "Rotstein, Arkadij"]
[Black "Bezold, Michael"]
[Result "1/2-1/2"]
[WhiteElo "2505"]
[BlackElo "2509"]
[PlyCount "38"]
[EventDate "2008.11.07"]
[EventType "team"]
[EventRounds "11"]
[EventCountry "AUT"]
[WhiteTeam "SK Absam"]
[BlackTeam "SK Hohenems"]

1.Nf3 c5 2.c4 Nf6 3.d4 cxd4 4.Nxd4 e6 5.g3 a6 6.Nc3 Be7 7.e4 Qc7 8.Be3 d6 9.Rc1
Nbd7 10.Bg2 Ne5 11.O-O O-O 12.b3 Bd7 13.h3 Rac8 14.g4 h6 15.f4 Ng6 16.g5 hxg5
17.fxg5 Nh7 18.Qg4 Ne5 19.Qg3 Qa5

[Event "Aut_chT0809"]
[Site "Graz"]
[Date "2008.11.09"]
[Round "3"]
[Board "4"]
[White "Atlas, Valery"]
[Black "Wegerle, Joerg"]
[Result "1/2-1/2"]
[WhiteElo "2431"]
[BlackElo "2431"]
[PlyCount "118"]
[EventDate "2008.11.07"]
[EventType "team"]
[EventRounds "11"]
[EventCountry "AUT"]
[WhiteTeam "SK Hohenems"]
[BlackTeam "SK Absam"]

1.e4 e6 2.d4 d5 3.Nc3 dxe4 4.Nxe4 Bd7 5.Nf3 Bc6 6.Bd3 Bxe4 7.Bxe4 c6 8.c3 Nf6
9.Bc2 Nbd7 10.O-O Qc7 11.Re1 Bd6 12.g3 O-O 13.Qe2 Rfe8 14.Ne5 Bf8 15.Bg5 g6
16.Rad1 Bg7 17.Rd3 Nd5 18.Bd2 Nxe5 19.dxe5 Rad8 20.c4 Ne7 21.h4 c5 22.Bc3 Nc6
23.Qe4 Rxd3 24.Bxd3 Rd8 25.Bf1 Nb4 26.Qb1 Nc6 27.Qe4 Nb4 28.Qb1 Nc6 29.f4 Nd4
30.Qe4 Rd7 31.Kf2 h5 32.Rd1 Nf5 33.Rd3 Bf8 34.Bh3 Kh7 35.Qf3 Nh6 36.Qd1 Rxd3
37.Qxd3 Be7 38.a3 Kg7 39.Qe4 Qd7 40.Ke2 b6 41.Be1 Nf5 42.Bxf5 gxf5 43.Qd3 Qxd3+
44.Kxd3 Kf8 45.b4 Ke8 46.b5 Kd7 47.a4 Bf8 48.a5 Kc7 49.a6 Bh6 50.Bf2 Kb8 51.Be3
Kc7 52.Bd2 Kb8 53.Ke2 Kc7 54.Be1 Kd7 55.Ke3 Kc7 56.Kf3 Kc8 57.Bf2 Kc7 58.Be1 Kc8
59.Bf2 Kc7

[Event "Aut_chT0809"]
[Site "Graz"]
[Date "2008.11.09"]
[Round "3"]
[Board "5"]
[White "Schmittdiel, Eckhard"]
[Black "Novkovic, Milan"]
[Result "1-0"]
[WhiteElo "2438"]
[BlackElo "2407"]
[PlyCount "91"]
[EventDate "2008.11.07"]
[EventType "team"]
[EventRounds "11"]
[EventCountry "AUT"]
[WhiteTeam "SK Absam"]
[BlackTeam "SK Hohenems"]

1.e4 c5 2.c3 Nf6 3.e5 Nd5 4.d4 cxd4 5.Bc4 Nb6 6.Bb3 d5 7.Qxd4 Bf5 8.Nf3 Nc6
9.Qf4 e6 10.Be3 Qc7 11.O-O Be7 12.Nbd2 O-O 13.Rfe1 Rac8 14.Qg3 Bg6 15.Nd4 Nxd4
16.Bxd4 Nc4 17.Bxc4 dxc4 18.Qe3 Rfd8 19.b3 b5 20.a4 Bc5 21.axb5 Bxd4 22.cxd4 c3
23.Nc4 c2 24.Nd6 Rb8 25.d5 exd5 26.Rxa7 Qb6 27.Ra6 Qxe3 28.fxe3 Bd3 29.Rc6 Bxb5
30.Rxc2 Bd3 31.Rc3 Be4 32.Rd1 h6 33.Rd4 Ra8 34.Ra4 Rdb8 35.Rxa8 Rxa8 36.Rc8+
Rxc8 37.Nxc8 Kf8 38.b4 Bd3 39.Nd6 Ke7 40.b5 Kd7 41.b6 Kc6 42.b7 Kc7 43.Kf2 Ba6
44.Nxf7 Bxb7 45.Nd6 Bc6 46.Nf5

[Event "Aut_chT0809"]
[Site "Graz"]
[Date "2008.11.09"]
[Round "3"]
[Board "6"]
[White "Froewis, Georg"]
[Black "Gerhold, Michael"]
[Result "0-1"]
[WhiteElo "2255"]
[BlackElo "2229"]
[PlyCount "80"]
[EventDate "2008.11.07"]
[EventType "team"]
[EventRounds "11"]
[EventCountry "AUT"]
[WhiteTeam "SK Hohenems"]
[BlackTeam "SK Absam"]

1.e4 c5 2.Nf3 e6 3.b3 d5 4.exd5 exd5 5.Bb5+ Nc6 6.O-O Bd6 7.Bb2 Nf6 8.d4 O-O
9.h3 Be6 10.Bd3 c4 11.Be2 b5 12.c3 Qd7 13.Nbd2 h6 14.Re1 Bf5 15.Nf1 Ne4 16.Ne3
Bc7 17.Ne5 Nxe5 18.dxe5 Bb6 19.Bf3 Rad8 20.bxc4 bxc4 21.Qe2 Bxe3 22.Qxe3 Rfe8
23.Qd4 Qb5 24.Ba3 Qa4 25.Bc1 Qc2 26.Bh5 Nxc3 27.Bxh6 gxh6 28.Rac1 Qd3 29.Qf4 d4
30.Qxh6 Bg6 31.Bg4 Nd5 32.Rcd1 Qc2 33.Rxd4 Nc7 34.Bd7 Qc3 35.Red1 Rxd7 36.Rxd7
Qxe5 37.R1d6 Ne6 38.Qc1 c3 39.Rd5 Qf6 40.h4 Nf4

[Event "Aut_chT0809"]
[Site "Graz"]
[Date "2008.11.09"]
[Round "3"]
[Board "1"]
[White "Gyimesi, Zoltan"]
[Black "Miroshnichenko, Evgenij"]
[Result "1/2-1/2"]
[WhiteElo "2582"]
[BlackElo "2667"]
[PlyCount "43"]
[EventDate "2008.11.07"]
[EventType "team"]
[EventRounds "11"]
[EventCountry "AUT"]
[WhiteTeam "Sparkasse Jenbach"]
[BlackTeam "ASVOE Wulkaprodersdorf"]

1.d4 Nf6 2.c4 e6 3.Nf3 b6 4.g3 Ba6 5.b3 Bb4+ 6.Bd2 Be7 7.Nc3 d5 8.cxd5 exd5
9.Bg2 O-O 10.O-O Bb7 11.Rc1 Na6 12.Ne5 Ba3 13.Rb1 Re8 14.Nd3 Be7 15.b4 c6 16.Bf4
Nc7 17.Bxc7 Qxc7 18.Qb3 Rad8 19.Rfd1 h5 20.Nf4 Bd6 21.e3 b5 22.Nce2

[Event "Aut_chT0809"]
[Site "Graz"]
[Date "2008.11.09"]
[Round "3"]
[Board "2"]
[White "Polzin, Rainer"]
[Black "Schlosser, Philipp"]
[Result "1-0"]
[WhiteElo "2500"]
[BlackElo "2570"]
[PlyCount "109"]
[EventDate "2008.11.07"]
[EventType "team"]
[EventRounds "11"]
[EventCountry "AUT"]
[WhiteTeam "ASVOE Wulkaprodersdorf"]
[BlackTeam "Sparkasse Jenbach"]

1.e4 e5 2.Nf3 Nc6 3.Bb5 a6 4.Ba4 Nf6 5.O-O Be7 6.Qe2 b5 7.Bb3 d6 8.c3 O-O 9.Rd1
Na5 10.Bc2 c5 11.d4 Qc7 12.d5 Bd7 13.Nbd2 g6 14.Nf1 Nh5 15.Ne1 Nb7 16.Bh6 Ng7
17.a4 f6 18.h4 Rfb8 19.f4 Nd8 20.f5 Nf7 21.Bxg7 Kxg7 22.Ng3 c4 23.Nf3 Nh6 24.Nh2
b4 25.Rf1 bxc3 26.bxc3 Rb2 27.Rf2 Rab8 28.Qf3 Qc5 29.Kh1 R8b3 30.Re2 Ra3 31.Rxa3
Qxa3 32.Nhf1 Bd8 33.Ne3 Ra2 34.Bd1 Ra1 35.Ngf1 Qxc3 36.fxg6 Kxg6 37.Rc2 Qe1
38.Qh5+ Kg7 39.Rb2 Qa5 40.Rb7 Bc7 41.Ng3 c3 42.Qf3 Kf7 43.Qh5+ Kg7 44.Kh2 Qc5
45.Qf3 Kf7 46.Nh5 f5 47.Qg3 Ng4+ 48.Bxg4 fxg4 49.Qf2+ Ke8 50.Rxc7 Qxc7 51.Qf6
Bxa4 52.Ng7+ Kd7 53.Qe6+ Kd8 54.Qg8+ Ke7 55.Nef5+

[Event "Aut_chT0809"]
[Site "Graz"]
[Date "2008.11.09"]
[Round "3"]
[Board "3"]
[White "Boensch, Uwe"]
[Black "Likavsky, Tomas"]
[Result "1/2-1/2"]
[WhiteElo "2523"]
[BlackElo "2498"]
[PlyCount "68"]
[EventDate "2008.11.07"]
[EventType "team"]
[EventRounds "11"]
[EventCountry "AUT"]
[WhiteTeam "Sparkasse Jenbach"]
[BlackTeam "ASVOE Wulkaprodersdorf"]

1.d4 d6 2.Nf3 Nf6 3.c4 g6 4.Nc3 Bf5 5.g3 Bg7 6.Bg2 O-O 7.Nh4 Bc8 8.O-O Nc6 9.Nf3
a6 10.h3 Rb8 11.Be3 Bd7 12.Rc1 b5 13.b3 bxc4 14.bxc4 Rb2 15.c5 dxc5 16.d5 Nb4
17.a3 Na2 18.Nxa2 Rxa2 19.Bxc5 Ne4 20.Bb4 Nd6 21.Nd4 Bxd4 22.Qxd4 Rxe2 23.Qc5
Qc8 24.Kh2 Bb5 25.Rfe1 Rxe1 26.Bxe1 Qf5 27.Qd4 Rc8 28.Bc3 f6 29.a4 Bd7 30.Ba5 c5
31.Rxc5 Rxc5 32.Qxc5 Bxa4 33.Qa7 Kf7 34.Bb4 Qd7

[Event "Aut_chT0809"]
[Site "Graz"]
[Date "2008.11.09"]
[Round "3"]
[Board "4"]
[White "Volkmann, Friedrich Karl"]
[Black "Lehner, Oliver"]
[Result "0-1"]
[WhiteElo "2444"]
[BlackElo "2413"]
[PlyCount "140"]
[EventDate "2008.11.07"]
[EventType "team"]
[EventRounds "11"]
[EventCountry "AUT"]
[WhiteTeam "ASVOE Wulkaprodersdorf"]
[BlackTeam "Sparkasse Jenbach"]

1.e4 e5 2.Nf3 Nc6 3.Nc3 Nf6 4.Bb5 Bc5 5.O-O O-O 6.Nxe5 Nxe5 7.d4 Bd6 8.f4 Neg4
9.e5 Bb4 10.exf6 Nxf6 11.f5 Re8 12.Bd3 c5 13.dxc5 Bxc5+ 14.Kh1 h6 15.Bc4 d6
16.Na4 Bd7 17.Nxc5 dxc5 18.Qd3 Re4 19.a4 Qc7 20.b3 Rae8 21.Qg3 Qc8 22.Bb2 Rg4
23.Qh3 Bc6 24.Rf2 Ne4 25.Rf3 Rg5 26.Bc1 Nf2+ 27.Rxf2 Re1+ 28.Bf1 Bxg2+ 29.Qxg2
Rxg2 30.Kxg2 Qc6+ 31.Kg1 Qf6 32.Bb2 Rxf1+ 33.Raxf1 Qxb2 34.Rd1 c4 35.bxc4 Qc3
36.Rd8+ Kh7 37.Rc8 Qa1+ 38.Kg2 Qxa4 39.Rc7 h5 40.f6 Qe8 41.fxg7 Kxg7 42.Kf1 Qe6
43.c5 a5 44.Re2 Qa6 45.Ke1 a4 46.Ree7 a3 47.Rxf7+ Kg6 48.Rg7+ Kf5 49.Kd2 a2
50.Rcf7+ Ke5 51.Re7+ Kd4 52.c3+ Kxc5 53.Re5+ Kd6 54.Rxh5 a1=Q 55.Rh6+ Ke5
56.Rxa6 bxa6 57.h4 Qa2+ 58.Kd3 Qd5+ 59.Kc2 Qe4+ 60.Kb2 Qxh4 61.Rd7 Qf2+ 62.Kb3
Qb6+ 63.Kc2 a5 64.Rd4 Qb5 65.Rh4 Kf6 66.Rd4 Kg5 67.Rd1 a4 68.Rd4 Qb3+ 69.Kd2 a3
70.Rb4 Qxb4

[Event "Aut_chT0809"]
[Site "Graz"]
[Date "2008.11.09"]
[Round "3"]
[Board "5"]
[White "Reich, Thomas"]
[Black "Schweda, Roland"]
[Result "1-0"]
[WhiteElo "2404"]
[BlackElo "2420"]
[PlyCount "97"]
[EventDate "2008.11.07"]
[EventType "team"]
[EventRounds "11"]
[EventCountry "AUT"]
[WhiteTeam "Sparkasse Jenbach"]
[BlackTeam "ASVOE Wulkaprodersdorf"]

1.d4 Nf6 2.c4 d6 3.Nc3 Nbd7 4.Nf3 g6 5.e4 Bg7 6.e5 Ng8 7.Qa4 dxe5 8.dxe5 c6 9.e6
fxe6 10.Be3 Ngf6 11.Rd1 Qc7 12.h3 O-O 13.Be2 e5 14.Ng5 Nb6 15.Qc2 Bf5 16.Nge4
Nxe4 17.Nxe4 Nd7 18.g4 Bxe4 19.Qxe4 Qa5+ 20.Kf1 Nc5 21.Qb1 Ne6 22.b4 Qc7 23.c5
Nf4 24.h4 e6 25.g5 Nd5 26.Qe4 Qf7 27.Bg4 a5 28.b5 Nc3 29.Qc4 Nxd1 30.Bxd1 Qd7
31.Bg4 Rae8 32.bxc6 Qxc6 33.Rh3 Qd5 34.Qc2 e4 35.Qb3 Rf7 36.Be2 Qf5 37.Rg3 Rd8
38.Bg4 Qd5 39.Bxe6 Qd3+ 40.Qxd3 Rxd3 41.Rg4 Kf8 42.Bxf7 Kxf7 43.Rf4+ Kg8 44.Rxe4
Ra3 45.Re8+ Kf7 46.Rb8 Be5 47.Rxb7+ Ke6 48.Rxh7 Rxa2 49.f4

[Event "Aut_chT0809"]
[Site "Graz"]
[Date "2008.11.09"]
[Round "3"]
[Board "6"]
[White "Kopinits, Anna-Christina"]
[Black "Hoellrigl, Wilfried"]
[Result "1-0"]
[WhiteElo "2268"]
[BlackElo "2255"]
[PlyCount "69"]
[EventDate "2008.11.07"]
[EventType "team"]
[EventRounds "11"]
[EventCountry "AUT"]
[WhiteTeam "ASVOE Wulkaprodersdorf"]
[BlackTeam "Sparkasse Jenbach"]

1.e4 c5 2.Nf3 Nc6 3.d4 cxd4 4.Nxd4 Nf6 5.Nc3 e5 6.Ndb5 d6 7.Bg5 a6 8.Na3 b5
9.Nd5 Be7 10.Bxf6 Bxf6 11.c4 b4 12.Nc2 Rb8 13.b3 O-O 14.g3 Bg5 15.h4 Bh6 16.Bh3
Be6 17.Qh5 Qd7 18.Bf5 Bxf5 19.exf5 f6 20.Rd1 Qa7 21.O-O a5 22.Qf3 Rbc8 23.Qe4
Qc5 24.Rd3 Rfd8 25.Rfd1 Kh8 26.Kg2 Rd7 27.g4 Rcd8 28.Rh1 Bf4 29.g5 fxg5 30.hxg5
Bxg5 31.Rg3 Bf4 32.f6 h6 33.Nxf4 exf4 34.fxg7+ Kg8 35.Rxh6

[Event "Aut_chT0809"]
[Site "Graz"]
[Date "2009.01.22"]
[Round "4"]
[Board "1"]
[White "Ragger, Markus"]
[Black "Miroshnichenko, Evgenij"]
[Result "0-1"]
[WhiteElo "2540"]
[BlackElo "2667"]
[PlyCount "64"]
[EventDate "2008.11.07"]
[EventType "team"]
[EventRounds "11"]
[EventCountry "AUT"]
[WhiteTeam "SK Kl.Ztg.MPOE Maria Saal"]
[BlackTeam "ASVOE Wulkaprodersdorf"]

1.e4 Nf6 2.e5 Nd5 3.d4 d6 4.Nf3 dxe5 5.Nxe5 c6 6.Qf3 Be6 7.Bc4 g6 8.O-O Bg7 9.c3
O-O 10.Nd2 c5 11.Nb3 cxd4 12.cxd4 Qd6 13.Nd3 Nc6 14.Ndc5 b5 15.Bxb5 Nxd4 16.Nxd4
Bxd4 17.Ne4 Qb6 18.Bc4 Rac8 19.Bb3 Nc7 20.Ng5 Bxb3 21.Qh3 h5 22.axb3 Nd5 23.Nf3
Bxf2+ 24.Kh1 Be3 25.Ne5 Rxc1 26.Raxc1 Bxc1 27.Rxc1 Qd4 28.Qg3 Qxb2 29.Rf1 h4
30.Qg5 Qe2 31.Ra1 h3 32.Nd7 Nf4

[Event "Aut_chT0809"]
[Site "Graz"]
[Date "2009.01.22"]
[Round "4"]
[Board "2"]
[White "Polzin, Rainer"]
[Black "Pavasovic, Dusko"]
[Result "1/2-1/2"]
[WhiteElo "2500"]
[BlackElo "2598"]
[PlyCount "31"]
[EventDate "2008.11.07"]
[EventType "team"]
[EventRounds "11"]
[EventCountry "AUT"]
[WhiteTeam "ASVOE Wulkaprodersdorf"]
[BlackTeam "SK Kl.Ztg.MPOE Maria Saal"]

1.e4 e5 2.Nf3 Nc6 3.Bb5 a6 4.Ba4 Nf6 5.O-O Be7 6.Qe2 b5 7.Bb3 O-O 8.c3 d5 9.d3
Re8 10.Nbd2 Bb7 11.Re1 Bf8 12.a3 Qd7 13.exd5 Nxd5 14.Ne4 f5 15.Ba2 Kh8 16.Nfg5

[Event "Aut_chT0809"]
[Site "Graz"]
[Date "2009.01.22"]
[Round "4"]
[Board "3"]
[White "Buhmann, Rainer"]
[Black "Likavsky, Tomas"]
[Result "1/2-1/2"]
[WhiteElo "2565"]
[BlackElo "2498"]
[PlyCount "103"]
[EventDate "2008.11.07"]
[EventType "team"]
[EventRounds "11"]
[EventCountry "AUT"]
[WhiteTeam "SK Kl.Ztg.MPOE Maria Saal"]
[BlackTeam "ASVOE Wulkaprodersdorf"]

1.Nf3 d6 2.c4 g6 3.e4 Bg7 4.d4 e5 5.Bg5 f6 6.Be3 Nh6 7.Nc3 Nc6 8.Be2 O-O 9.d5
Ne7 10.Nd2 f5 11.f3 c5 12.h4 f4 13.Bf2 Kh8 14.a3 Neg8 15.b4 b6 16.Rb1 Nf6 17.Bd3
Nh5 18.Ne2 Ng8 19.Bc2 Bd7 20.Ba4 Qe8 21.Bxd7 Qxd7 22.Qb3 Ngf6 23.bxc5 bxc5
24.Qb5 Qe7 25.Kd1 Rfc8 26.Qa6 Ne8 27.Kc2 Rc7 28.Rb3 Bf6 29.Nb1 Kg8 30.Be1 Rcc8
31.Rb7 Rc7 32.Rxc7 Qxc7 33.Nbc3 Qc8 34.Qxc8 Rxc8 35.Nb5 Ra8 36.Ba5 Kf7 37.Nc7
Nxc7 38.Bxc7 Ke7 39.Rb1 Kd7 40.Ba5 Kc8 41.Rh1 Rb8 42.Be1 Kd7 43.g4 fxg3 44.Nxg3
Nxg3 45.Bxg3 a5 46.h5 g5 47.a4 Rb4 48.Be1 Rxa4 49.Bc3 Ra2+ 50.Bb2 Ra4 51.Bc3
Ra2+ 52.Bb2

[Event "Aut_chT0809"]
[Site "Graz"]
[Date "2009.01.22"]
[Round "4"]
[Board "4"]
[White "Kalod, Radek"]
[Black "Tratar, Marko"]
[Result "1-0"]
[WhiteElo "2504"]
[BlackElo "2497"]
[PlyCount "55"]
[EventDate "2008.11.07"]
[EventType "team"]
[EventRounds "11"]
[EventCountry "AUT"]
[WhiteTeam "ASVOE Wulkaprodersdorf"]
[BlackTeam "SK Kl.Ztg.MPOE Maria Saal"]

1.e4 e6 2.d4 d5 3.Nc3 Nf6 4.e5 Nfd7 5.f4 c5 6.Nf3 Nc6 7.Ne2 b5 8.a3 Qb6 9.c3 a5
10.Be3 Ba6 11.h4 b4 12.axb4 axb4 13.Kf2 Be7 14.c4 O-O 15.cxd5 Bxe2 16.Bxe2 Rxa1
17.Qxa1 cxd4 18.Nxd4 Nxd4 19.d6 Nf6 20.Bf3 Bxd6 21.exd6 Qxd6 22.Rd1 Nc2 23.Qa4
Qc7 24.Rc1 Rc8 25.Bd1 Ne4+ 26.Kg1 Qd8 27.Bxc2 Qxh4 28.Qa6

[Event "Aut_chT0809"]
[Site "Graz"]
[Date "2009.01.22"]
[Round "4"]
[Board "5"]
[White "Kreisl, Robert"]
[Black "Volkmann, Friedrich Karl"]
[Result "1/2-1/2"]
[WhiteElo "2394"]
[BlackElo "2444"]
[PlyCount "74"]
[EventDate "2008.11.07"]
[EventType "team"]
[EventRounds "11"]
[EventCountry "AUT"]
[WhiteTeam "SK Kl.Ztg.MPOE Maria Saal"]
[BlackTeam "ASVOE Wulkaprodersdorf"]

1.e4 e5 2.Nf3 Nf6 3.Nxe5 Nxe4 4.Qe2 Qe7 5.Qxe4 d6 6.d4 dxe5 7.dxe5 Nc6 8.Nc3
Qxe5 9.Qxe5+ Nxe5 10.Bf4 f6 11.O-O-O Bd7 12.Nb5 Bxb5 13.Bxb5+ c6 14.Ba4 Bc5
15.Rhe1 Rd8 16.Bxe5 Rxd1+ 17.Kxd1 fxe5 18.Rxe5+ Be7 19.c3 Rf8 20.Ke2 Kd7 21.Bc2
h6 22.Bf5+ Kd8 23.Be4 Bd6 24.Re6 Rf6 25.Rxf6 gxf6 26.Kf3 Bc5 27.Kg3 a5 28.f4 Ke7
29.Kg4 Bg1 30.h4 Be3 31.Kf5 Bf2 32.h5 Bg3 33.a4 Kd6 34.Kg4 Be1 35.Kf5 Bg3 36.Kg4
Be1 37.Kf5 Bg3

[Event "Aut_chT0809"]
[Site "Graz"]
[Date "2009.01.22"]
[Round "4"]
[Board "6"]
[White "Schweda, Roland"]
[Black "Schachinger, Mario"]
[Result "1/2-1/2"]
[WhiteElo "2420"]
[BlackElo "2336"]
[PlyCount "86"]
[EventDate "2008.11.07"]
[EventType "team"]
[EventRounds "11"]
[EventCountry "AUT"]
[WhiteTeam "ASVOE Wulkaprodersdorf"]
[BlackTeam "SK Kl.Ztg.MPOE Maria Saal"]

1.d4 d5 2.Nf3 c6 3.c4 Nf6 4.Qc2 dxc4 5.Qxc4 Bf5 6.Nc3 e6 7.g3 b5 8.Qb3 b4 9.Na4
Nbd7 10.Bg2 Rc8 11.O-O Be7 12.Bd2 a5 13.Rfd1 Be4 14.Ne1 Bxg2 15.Kxg2 c5 16.dxc5
Nxc5 17.Nxc5 Rxc5 18.Qa4+ Qd7 19.Qxd7+ Nxd7 20.Be3 Rc7 21.Rac1 Bd8 22.Nd3 Rxc1
23.Rxc1 Ke7 24.Rc6 Re8 25.Ra6 Bc7 26.a3 bxa3 27.bxa3 Rb8 28.a4 Rb7 29.Bd4 e5
30.Bc3 e4 31.Nf4 Nc5 32.Nd5+ Kd7 33.Ra8 Nxa4 34.Bxg7 Bd8 35.Nf6+ Bxf6 36.Bxf6
Rb5 37.Bd4 Nc5 38.Bc3 Nb3 39.Ra6 Rc5 40.Be1 Rc6 41.Ra8 Rc8 42.Ra7+ Rc7 43.Ra8
Rc8